[Event "British Chess Championships 2023: U10 Championship"]
[Site "De Montfort University, 20 Western Boulevard, Leicester, LE2 7BU"]
[Date "2023.07.25"]
[Round "1"]
[Board "2"]
[White "Kryshtafor, Maksym"]
[Black "Hill, Callum"]
[Result "1-0"]
[WhiteElo "1858"]
[BlackElo "1150"]
[PlyCount "0"]
[EventDate "2023.07.25"]
[EventRounds "7"]
[EventCountry "ENG"]

1. e4 e5 2. Nf3 Nc6 3. Bb5 Bc5 4. O-O d6 5. d4 exd4 6. Nxd4 Nge7 7. Bf4 O-O 8. Nxc6
Nxc6 9. Bxc6 bxc6 10. Nc3 Be6 11. Na4 Bb6 12. Nxb6 axb6 13. a4 Qf6 14. Qc1 Qg6 15.
Qe3 Rfe8 16. f3 Bd5 17. b4 Qe6 18. exd5 Qxe3+ 19. Bxe3 Rxe3 20. dxc6 Rc3 21. b5 Rxc2
22. Ra3 Re2 23. a5 Ree8 24. Rfa1 Rab8 25. axb6 Rxb6 26. Ra7 Rxb5 27. Rxc7 Rb6 28.
Re7 Rc8 29. c7 Kf8 30. Rae1 Rc6 31. Rd7 R6xc7 32. Rxd6 Re8 33. Red1 Rce7 34. Kf2
Re6 35. R6d3 h5 36. f4 g6 37. Kf3 f6 38. h3 g5 39. g4 h4 40. Rc1 Re4 41. fxg5 fxg5
42. Rd5 Re3+ 43. Kf2 R3e5 44. Rd3 Kf7 45. Rf3+ Kg6 46. Kf1 Re3 47. Rf5 R8e5 48. Kf2
R3e4 49. Rf3 Re2+ 50. Kf1 R2e3 51. Rc6+ Re6 52. Rxe3 Rxc6 53. Ke2 Kf6 54. Kf3 Rc4
55. Ra3 Rf4+ 56. Ke3 Ke5 57. Ra5+ Kf6 58. Ra6+ Kg7 59. Rd6 Kf7 60. Rd4 Rxd4 61. Kxd4
Kf6 62. Kd5 Kg6 63. Ke6 Kh7 64. Kf7 Kh6 65. Kf6 Kh7 66. Kxg5 Kh8 67. Kxh4 Kg8 68.
Kg5 Kg7 69. h4 Kh7 70. h5 Kg7 71. h6+ Kh8 72. Kf6 Kg8 73. g5 Kh8 74. g6 Kg8 75. g7
Kh7 76. Kf7 Kxh6 77. g8=Q Kh5 78. Qg3 Kh6 79. Qh4+  1-0

[Event "British Chess Championships 2023: U10 Championship"]
[Site "De Montfort University, 20 Western Boulevard, Leicester, LE2 7BU"]
[Date "2023.07.25"]
[Round "1"]
[Board "4"]
[White "Sasikumar, Srivathsan"]
[Black "Bedford, Rudi"]
[Result "1-0"]
[WhiteElo "1792"]
[BlackElo "1089"]
[PlyCount "0"]
[EventDate "2023.07.25"]
[EventRounds "7"]
[EventCountry "ENG"]

1. e4 e5 2. Nc3 Nf6 3. f4 d5 4. fxe5 Nxe4 5. Qf3 Nxc3 6. dxc3 Nc6 7. Bb5 Be7 8. Ne2
O-O 9. Bxc6 bxc6 10. O-O Be6 11. Be3 Qd7 12. h3 c5 13. Rad1 Qa4 14. Nf4 Qxc2 15.
Nxd5 Bxd5 16. Rxd5 Rae8 17. Rd7 Qxb2 18. Rxe7 Rxe7 19. Bxc5 Ree8 20. Bxf8 Rxf8 21.
e6 Qxa2 22. e7 Re8 23. Qc6  1-0

[Event "British Chess Championships 2023: U10 Championship"]
[Site "De Montfort University, 20 Western Boulevard, Leicester, LE2 7BU"]
[Date "2023.07.25"]
[Round "1"]
[Board "5"]
[White "Babu, Rohan"]
[Black "Veselow, Zoe"]
[Result "0-1"]
[WhiteElo "1087"]
[BlackElo "1720"]
[PlyCount "0"]
[EventDate "2023.07.25"]
[EventRounds "7"]
[EventCountry "ENG"]

1. e4 c5 2. Nf3 e6 3. d4 cxd4 4. Nxd4 a6 5. Nc3 Qc7 6. Be3 Bb4 7. Bd2 Nf6 8. Bd3
b5 9. O-O Bc5 10. Nf3 Bd6 11. h3 Bb7 12. Re1 Nc6 13. Qe2 Ne5 14. Bg5 Nxf3+ 15. Qxf3
Be5 16. Qe3 Bxc3 17. bxc3 Qxc3 18. Rad1 O-O 19. Qg3 Kh8 20. Qh4 Ng8 21. e5 g6 22.
Re3 Qc5 23. Rg3 Qxe5 24. Bf4 Qg7 25. Be2 d5 26. Bh5 e5 27. Bg5 f6 28. Bd2 Ne7 29.
Bxg6 Nxg6 30. Bh6 Qf7 31. Qh5 Rg8 32. Rg4 Qc7 33. Qf5 Qc6 34. Rd3 Bc8 35. Qh5 Bxg4
36. hxg4 d4 37. Rh3 Ra7 38. g3 Qxc2 39. g5 f5 40. g4 Nf4 41. Qh4 Nxh3+ 42. Qxh3 Qd1+
43. Kh2 Qxg4 44. Qxg4 fxg4 45. Kg3 d3 46. g6 Rxg6 47. Be3 a5 48. Bxa7 d2 49. Bd4
exd4 50. f3 d1=Q 51. fxg4 Rxg4+ 52. Kf2 Qd2+ 53. Kf3 Rf4+ 54. Kg3 Qf2+ 55. Kh3 Rh4#
 0-1

[Event "British Chess Championships 2023: U10 Championship"]
[Site "De Montfort University, 20 Western Boulevard, Leicester, LE2 7BU"]
[Date "2023.07.25"]
[Round "1"]
[Board "6"]
[White "Zhang, Junyi"]
[Black "Pugaciauskas, Dominic"]
[Result "1-0"]
[WhiteElo "1686"]
[BlackElo "1077"]
[PlyCount "0"]
[EventDate "2023.07.25"]
[EventRounds "7"]
[EventCountry "ENG"]

1. e4 c6 2. d4 d5 3. exd5 cxd5 4. Bd3 Nc6 5. c3 e5 6. dxe5 Nxe5 7. Nf3 Nxd3+ 8. Qxd3
Nf6 9. O-O Bd6 10. Re1+ Be6 11. Nd4 Ne4 12. Be3 O-O 13. Nd2 Nxd2 14. Qxd2 Qd7 15.
Bf4 Bxf4 16. Qxf4 Rfe8 17. Re3 Re7 18. Rae1 Rae8 19. Nf5 Bxf5 20. Rxe7 Rxe7 21. Qb8+
Qc8 22. Qxc8+ Bxc8 23. Rxe7 h6 24. Re8+ Kh7 25. Rxc8 Kg6 26. Rd8 f6 27. Rxd5 Kh7
28. Rd7 Kg8 29. Rxb7 Kh7 30. c4 a5 31. c5 a4 32. c6 a3 33. c7 axb2 34. c8=Q b1=R+
35. Rxb1 f5 36. Qxf5+ g6 37. Qf7+ Kh8 38. Qf8+ Kh7 39. Rb7#  1-0

[Event "British Chess Championships 2023: U10 Championship"]
[Site "De Montfort University, 20 Western Boulevard, Leicester, LE2 7BU"]
[Date "2023.07.25"]
[Round "1"]
[Board "7"]
[White "Ragam, Aaryan"]
[Black "Shivakumar, Akshath"]
[Result "0-1"]
[WhiteElo "1041"]
[BlackElo "1664"]
[PlyCount "0"]
[EventDate "2023.07.25"]
[EventRounds "7"]
[EventCountry "ENG"]

1. d4 f5 2. Nf3 Nf6 3. Bf4 e6 4. e3 d5 5. Be2 Nbd7 6. O-O Be7 7. Nbd2 c5 8. c3 Ne4
9. Qc2 O-O 10. Nxe4 fxe4 11. Nd2 Nf6 12. f3 exf3 13. Nxf3 Bd7 14. Ne5 Bc6 15. Rf3
Bd6 16. Rg3 Bxe5 17. dxe5 Ne4 18. Rg4 d4 19. Bh6 Rf7 20. Bf4 Qd7 21. Bd3 Rd8 22.
Bxe4 d3 23. Bxc6 dxc2 24. Bxd7 Rdxd7 25. Rc1 Rd1+ 26. Kf2 Rxc1 27. e4 Rxf4+ 28. Rxf4
Rf1+ 29. Kxf1 c1=Q+ 30. Ke2 Qxf4 31. Kd3 Qxe5 32. h3 c4+ 33. Ke3 b5 34. Kf3 a5 35.
a3 b4 36. cxb4 axb4 37. axb4 Qxb2 38. b5 c3 39. b6 c2 40. b7 c1=Q 41. b8=Q+ Qxb8
42. g3 Qc3+ 43. Kf2 Qbxg3+ 44. Kf1 Qce1#  0-1

[Event "British Chess Championships 2023: U10 Championship"]
[Site "De Montfort University, 20 Western Boulevard, Leicester, LE2 7BU"]
[Date "2023.07.25"]
[Round "1"]
[Board "8"]
[White "Railwani, Tavish"]
[Black "Hu, Hector"]
[Result "1-0"]
[WhiteElo "1636"]
[BlackElo "1016"]
[PlyCount "0"]
[EventDate "2023.07.25"]
[EventRounds "7"]
[EventCountry "ENG"]

1. e4 c6 2. d4 d5 3. exd5 cxd5 4. Bd3 Nc6 5. Nf3 Bg4 6. c3 Nf6 7. Bf4 e6 8. Nbd2
Bd6 9. Bxd6 Qxd6 10. O-O O-O 11. Qc2 Rfe8 12. Ng5 g6 13. h3 Bf5 14. Bxf5 exf5 15.
Rfe1 Re7 16. Rxe7 Qxe7 17. Ngf3 Rc8 18. Qd3 Ne4 19. Re1 Qf6 20. Ne5 Nxe5 21. dxe5
Qxe5 22. f3 Qg3 23. Qe2 Ng5 24. Kh1 Ne6 25. Nf1 Qh4 26. Ne3 Nf4 27. Qd2 Nd3 28. Rf1
Nf4 29. Nxd5 Rd8 30. Qxf4 g5 31. Qxh4 gxh4 32. Rd1 Kf8 33. Ne3 Rxd1+ 34. Nxd1 b5
35. Ne3 f4 36. Nd5 Ke8 37. Kg1 Kd7 38. Kf2 Ke6 39. Nxf4+ Ke5 40. Ke3 a5 41. Nd3+
 1-0

[Event "British Chess Championships 2023: U10 Championship"]
[Site "De Montfort University, 20 Western Boulevard, Leicester, LE2 7BU"]
[Date "2023.07.25"]
[Round "1"]
[Board "9"]
[White "Bednaya, Julia"]
[Black "Keshari, Krish"]
[Result "0-1"]
[WhiteElo "1008"]
[BlackElo "1623"]
[PlyCount "0"]
[EventDate "2023.07.25"]
[EventRounds "7"]
[EventCountry "ENG"]

1. e4 e5 2. Nf3 Nc6 3. Bc4 Bc5 4. Nc3 Nf6 5. d3 d6 6. h3 Be6 7. Bb3 Qd7 8. Bg5 O-O-O
9. Qe2 Nd4 10. Nxd4 Bxd4 11. Qd2 h6 12. Bxf6 gxf6 13. O-O-O Bxb3 14. cxb3 f5 15.
Qc2 Rhg8 16. g3 fxe4 17. dxe4 c6 18. Ne2 Bxf2 19. Rdf1 Bxg3 20. Nxg3 Rxg3 21. Qf2
Rxh3 22. Rxh3 Qxh3 23. Rd1 Rd7 24. Qxa7 Qf3 25. Qa8+ Kc7 26. Qa5+ Kb8 27. Qe1 h5
28. Qh1 Qf4+ 29. Kb1 f5 30. Qxh5 Qxe4+ 31. Kc1 f4 32. Qe8+ Kc7 33. Qh5 d5 34. Qh3
Qe3+ 35. Qxe3 fxe3 36. Re1 d4 37. Kc2 Kd6 38. Kd3 Kd5 39. a3 e4+ 40. Ke2 Rf7 41.
Rd1 Rf2+ 42. Ke1 Rh2 43. b4 Rh1+ 44. Ke2 d3+ 45. Kxe3 Rxd1 46. a4 Re1+ 47. Kd2 Re2+
48. Kd1 Rxb2 49. a5 e3 50. a6 e2+ 51. Ke1 bxa6 52. b5 Ke4 53. Kf2 axb5 54. Ke1 Rb1+
55. Kf2 e1=Q+ 56. Kg2 Kf4 57. Kh3 Qg3+  0-1

[Event "British Chess Championships 2023: U10 Championship"]
[Site "De Montfort University, 20 Western Boulevard, Leicester, LE2 7BU"]
[Date "2023.07.25"]
[Round "1"]
[Board "10"]
[White "Kairat, Alexander"]
[Black "Saxena, Reyansh"]
[Result "1-0"]
[WhiteElo "1619"]
[BlackElo "1001"]
[PlyCount "0"]
[EventDate "2023.07.25"]
[EventRounds "7"]
[EventCountry "ENG"]

1. e4 e5 2. Nf3 Nc6 3. c3 Nf6 4. d4 exd4 5. e5 Qe7 6. cxd4 d6 7. Bb5 dxe5 8. dxe5
a6 9. Bxc6+ bxc6 10. O-O Nd5 11. a3 Qd8 12. Qc2 Bd7 13. Rd1 f6 14. e6 Bxe6 15. Qxc6+
Ke7 16. Nd4 Bg4 17. f3 Bh5 18. Qe6#  1-0

[Event "British Chess Championships 2023: U10 Championship"]
[Site "De Montfort University, 20 Western Boulevard, Leicester, LE2 7BU"]
[Date "2023.07.25"]
[Round "1"]
[Board "11"]
[White "Mehta, Zara"]
[Black "Mittal, Advik"]
[Result "0-1"]
[WhiteElo "990"]
[BlackElo "1544"]
[PlyCount "0"]
[EventDate "2023.07.25"]
[EventRounds "7"]
[EventCountry "ENG"]

1. d4 Nf6 2. Bf4 c6 3. e3 Qb6 4. b3 d5 5. Nd2 Bf5 6. Ngf3 e6 7. Bd3 Bg6 8. O-O Be7
9. Ne5 Nbd7 10. Nxd7 Nxd7 11. Qg4 f5 12. Qg3 Rc8 13. c4 O-O 14. c5 Qd8 15. Rfc1 Nf6
16. Bd6 Bxd6 17. cxd6 Ne4 18. Nxe4 fxe4 19. Be2 Qd7 20. Bg4 Rcd8 21. Qh3 Bf5 22.
Bxf5 exf5 23. Rc5 Qxd6 24. Ra5 a6 25. Rf1 Qd7 26. f3 Qe6 27. fxe4 Qxe4 28. Rf4 Qd3
29. g4 Qd1+ 30. Kg2 Qe2+ 31. Rf2 Qxg4+ 32. Qxg4 fxg4 33. Rxf8+ Rxf8 34. Kg3 Rf3+
35. Kxg4 Rxe3 36. Ra4 h5+ 37. Kxh5 Rh3+ 38. Kg5 Rxh2 39. Rb4 b5 40. a4 Kf7 41. Kf5
a5 42. axb5 axb4 43. b6 Rh8 44. Ke5 Rb8 45. Kd6 Rxb6 46. Ke5 Ra6 47. Kd6 Ra3 48.
Kc7 Rxb3 49. Kb7 Rc3 50. Ka8 b3  0-1

[Event "British Chess Championships 2023: U10 Championship"]
[Site "De Montfort University, 20 Western Boulevard, Leicester, LE2 7BU"]
[Date "2023.07.25"]
[Round "1"]
[Board "12"]
[White "Katukuri, Aarav"]
[Black "Ahmad, Layth"]
[Result "1-0"]
[WhiteElo "1485"]
[BlackElo "920"]
[PlyCount "0"]
[EventDate "2023.07.25"]
[EventRounds "7"]
[EventCountry "ENG"]

1. d4 d5 2. Bf4 Nf6 3. e3 c6 4. Nf3 Bg4 5. Nbd2 e6 6. Bd3 g6 7. c3 Bg7 8. h3 Bf5
9. Bxf5 gxf5 10. Qb3 Qb6 11. Ne5 Nbd7 12. Ndf3 Rg8 13. Nxd7 Nxd7 14. Qxb6 axb6 15.
a4 Bf8 16. Bg3 c5 17. Kd2 c4 18. Kc2 Nf6 19. Rhg1 Ne4 20. Bh4 Be7 21. Bxe7 Kxe7 22.
b3 Nxf2 23. bxc4 dxc4 24. Ne5 b5 25. axb5 Rxa1 26. Rxa1 Rxg2 27. Nxc4 Ne4+ 28. Kb3
Nd6 29. Ra7 e5 30. dxe5 Ne4 31. Rxb7+ Ke6 32. Rc7 Nd2+ 33. Nxd2 Rxd2 34. b6 Rd1 35.
b7 Kxe5 36. Kc4  1-0

[Event "British Chess Championships 2023: U10 Championship"]
[Site "De Montfort University, 20 Western Boulevard, Leicester, LE2 7BU"]
[Date "2023.07.25"]
[Round "1"]
[Board "13"]
[White "Qin, Charlie"]
[Black "Zhang, Lionel"]
[Result "0-1"]
[WhiteElo "909"]
[BlackElo "1475"]
[PlyCount "0"]
[EventDate "2023.07.25"]
[EventRounds "7"]
[EventCountry "ENG"]

1. e4 c6 2. d4 d5 3. Nc3 dxe4 4. Nxe4 Bf5 5. Bd3 Qxd4 6. Ng3 Bxd3 7. Qxd3 Qxd3 8.
cxd3 e6 9. a3 Nf6 10. N1e2 h6 11. O-O Bd6 12. Ne4 Nxe4 13. dxe4 O-O 14. Rd1 Rd8 15.
Bf4 Be7 16. Rxd8+ Bxd8 17. Rd1 Be7 18. Nc3 Kf8 19. Bd6 Bxd6 20. Rxd6 Na6 21. f4 Ke7
22. Rd3 Rd8 23. Rg3 Rg8 24. b4 Nc7 25. h4 Nb5 26. Nxb5 cxb5 27. Rc3 Kd7 28. g4 Rc8
29. Rd3+ Ke7 30. Kf2 Rc6 31. Kf3 b6 32. g5 hxg5 33. hxg5 Rd6 34. Rc3 Kd7 35. e5 Rd5
36. Ke4 a5 37. f5 Rd1 38. fxe6+ fxe6 39. bxa5 bxa5 40. Rb3 Rd5 41. a4 b4 42. Rb2
Rc5 43. Rd2+ Ke7 44. Rb2 Rc1 45. Kd3 Rc3+ 46. Kd2 Rg3 47. Rc2 Rg2+ 48. Kd3 Rxc2 49.
Kxc2 Kf7  0-1

[Event "British Chess Championships 2023: U10 Championship"]
[Site "De Montfort University, 20 Western Boulevard, Leicester, LE2 7BU"]
[Date "2023.07.25"]
[Round "1"]
[Board "14"]
[White "Anjulan, Ashwin"]
[Black "Wen, Max"]
[Result "1-0"]
[WhiteElo "1466"]
[BlackElo "890"]
[PlyCount "0"]
[EventDate "2023.07.25"]
[EventRounds "7"]
[EventCountry "ENG"]

1. e4 e5 2. Nf3 Nc6 3. d4 exd4 4. Nxd4 Nf6 5. Nc3 Bc5 6. Nb3 O-O 7. Nxc5 d6 8. Nb3
Bg4 9. Be2 Bxe2 10. Qxe2 Re8 11. Bg5 h6 12. Bxf6 Qxf6 13. O-O Qg6 14. f3 Re6 15.
Nd5 Re5 16. Nxc7 Rc8 17. Nd5 Rce8 18. Qf2 Ne7 19. Nxe7+ R8xe7 20. Nd4 d5 21. exd5
Rxd5 22. Rfe1 Rde5 23. Rxe5 Rxe5 24. Re1 Rxe1+ 25. Qxe1 f6 26. Qe6+ Qf7 27. Qxf7+
Kxf7 28. Kf2 Ke7 29. Ke3 Kd6 30. Nf5+ Ke6 31. Nxg7+ Ke5 32. f4+ Kd5 33. Nh5 Ke6 34.
Ng3 Kd5 35. Ne4 f5 36. Ng3 Ke6 37. Kd4 a6 38. b4 b6 39. c4 a5 40. bxa5 bxa5 41. c5
Kd7 42. Nxf5 h5 43. Ng7 h4 44. Nf5 h3 45. gxh3 Kc6 46. h4 Kd7 47. h5 Ke8 48. h6 Kf8
49. a4 Kg8 50. c6 Kh7 51. c7 Kh8 52. c8=Q+ Kh7 53. Qc6 Kh8 54. Qf6+ Kh7 55. Qg7#
 1-0

[Event "British Chess Championships 2023: U10 Championship"]
[Site "De Montfort University, 20 Western Boulevard, Leicester, LE2 7BU"]
[Date "2023.07.25"]
[Round "1"]
[Board "15"]
[White "Gopikrishna, Ashwin"]
[Black "Horwood, Alexander"]
[Result "1/2-1/2"]
[WhiteElo "881"]
[BlackElo "1442"]
[PlyCount "0"]
[EventDate "2023.07.25"]
[EventRounds "7"]
[EventCountry "ENG"]

1. Nf3 Nf6 2. g3 g6 3. Bg2 Bg7 4. d4 O-O 5. c4 d5 6. cxd5 Nxd5 7. e4 Nb6 8. O-O Nc6
9. Be3 Bg4 10. e5 Nc4 11. b3 Bxf3 12. Bxf3 Nb6 13. Nc3 Qd7 14. Qd2 Rad8 15. Bxc6
Qxc6 16. f4 Nd5 17. Rac1 Nxc3 18. Rxc3 Qd7 19. Rfc1 c6 20. Rc5 Rc8 21. d5 cxd5 22.
Qxd5 Qxd5 23. Rxd5 Rxc1+ 24. Bxc1 Rc8 25. Be3 b6 26. Rd7 Rc3 27. Bd2 Rc2 28. f5 Bxe5
29. Bh6 Rc8 30. fxg6 hxg6 31. Rxe7 Bd4+ 32. Kf1 a5 33. Rd7 Bc5 34. Rd1 Bf8 35. Bxf8
Kxf8 36. Rd2 Ke7 37. Re2+ Kf6 38. Rd2 Kg7 39. Ke2 Rc6 40. Kd3 Rd6+ 41. Kc3 Rxd2 42.
Kxd2 Kf6 43. Ke3 Ke5 44. Kd3 Kd5 45. a4 f5 46. h4 Kc5 47. Kc3 b5 48. axb5 Kxb5 49.
Kb2 Kb4 50. Kc2 Ka3 51. Kc3 Ka2 52. b4 axb4+ 53. Kxb4 Kb2 54. Kc4 Kc2 55. Kd4 Kd2
56. Ke5 Ke3 57. Kf6 Kf3 58. Kxg6 Kxg3 59. h5 f4 60. h6 f3 61. h7 f2 62. h8=Q f1=Q
63. Qc3+ Qf3 64. Qxf3+ Kxf3  1/2-1/2

[Event "British Chess Championships 2023: U10 Championship"]
[Site "De Montfort University, 20 Western Boulevard, Leicester, LE2 7BU"]
[Date "2023.07.25"]
[Round "1"]
[Board "16"]
[White "Saharkar, Sharvari"]
[Black "Patel, Parisa"]
[Result "1-0"]
[WhiteElo "1420"]
[BlackElo "873"]
[PlyCount "0"]
[EventDate "2023.07.25"]
[EventRounds "7"]
[EventCountry "ENG"]

1. e4 e5 2. Nf3 Nc6 3. Bc4 Bc5 4. c3 Nf6 5. d3 d6 6. h3 Be6 7. Bb3 Qe7 8. Qe2 O-O-O
9. Be3 d5 10. exd5 Bxd5 11. Nbd2 Rhe8 12. O-O-O Kb8 13. Rhe1 e4 14. Bxd5 Rxd5 15.
Nxe4 Nxe4 16. dxe4 Qxe4 17. Qc2 Qxc2+ 18. Kxc2 Rxd1 19. Kxd1 Bxe3 20. Rxe3 Rxe3 21.
fxe3 f6 22. Nd4 Nxd4 23. exd4 c6 24. Ke2 Kc7 25. Ke3 Kd7 26. Ke4 Ke6 27. g4 g5 28.
c4 a6 29. d5+ cxd5+ 30. cxd5+ Kd6 31. Kf5 Kxd5 32. Kxf6 Kc4 33. Kxg5 Kd3 34. Kh6
Kc2 35. Kxh7 Kxb2 36. g5 b5 37. g6 b4 38. g7 Kxa2 39. g8=Q+ b3 40. Qc4 Ka3 41. Qxa6+
Kb4 42. Qb6+ Kc3 43. Qxb3+ Kxb3 44. Kg7 Kc4 45. h4 Kd4 46. h5 Ke5 47. h6  1-0

[Event "British Chess Championships 2023: U10 Championship"]
[Site "De Montfort University, 20 Western Boulevard, Leicester, LE2 7BU"]
[Date "2023.07.25"]
[Round "1"]
[Board "17"]
[White "Rao, Saachi"]
[Black "Pitel, Dominik"]
[Result "0-1"]
[WhiteElo "870"]
[BlackElo "1413"]
[PlyCount "0"]
[EventDate "2023.07.25"]
[EventRounds "7"]
[EventCountry "ENG"]

1. e4 e5 2. Nf3 Nc6 3. Bc4 Bc5 4. c3 Nf6 5. d3 O-O 6. O-O d6 7. Bg5 h6 8. Bxf6 Qxf6
9. Nbd2 Bg4 10. b4 Bb6 11. a4 a6 12. b5 axb5 13. Bxb5 Rfd8 14. Rc1 Rac8 15. Re1 Kf8
16. h3 Bh5 17. Bc4 Kg8 18. Qb3 Kf8 19. Qb5 Na7 20. Qb4 Nc6 21. Qb5 Na7 22. Qb2 Nc6
23. Ba2 Kg8 24. d4 exd4 25. Nxd4 Nxd4 26. cxd4 Bxd4 27. Qb4 Bxf2+ 28. Kh1 Bxe1 29.
Rxe1 Kf8 30. Qb3 Rd7 31. Rf1 Qe7 32. Qxb7 Rcd8 33. g4 Bg6 34. Nf3 Bxe4 35. Qa7 Bxf3+
36. Rxf3 Qe1+ 37. Kh2 Qe5+ 38. Kg2 Qc5 39. Qa6 Qc2+ 40. Rf2 Qe4+ 41. Kg3 Re7 42.
Rf4 Qe5 43. Qc4 g5 44. Kf3 Qxf4+ 45. Qxf4 gxf4 46. Kxf4 d5 47. a5 d4 48. h4 d3 49.
g5 hxg5+ 50. Kxg5 d2 51. Bb3 d1=Q 52. Bxd1 Rxd1 53. a6 c5 54. h5 c4 55. h6 c3 56.
h7 Kg7 57. a7 Rxa7 58. Kf4 c2 59. Ke3 c1=Q+ 60. Ke4 Ra4+ 61. Ke5 Qf4#  0-1

[Event "British Chess Championships 2023: U10 Championship"]
[Site "De Montfort University, 20 Western Boulevard, Leicester, LE2 7BU"]
[Date "2023.07.25"]
[Round "1"]
[Board "18"]
[White "Ba, Amy"]
[Black "Sarwar, Adam"]
[Result "1-0"]
[WhiteElo "1403"]
[BlackElo "854"]
[PlyCount "0"]
[EventDate "2023.07.25"]
[EventRounds "7"]
[EventCountry "ENG"]

1. e4 e5 2. Nf3 Nc6 3. d4 exd4 4. Nxd4 Nxd4 5. Qxd4 d6 6. Bc4 c5 7. Qd3 Be7 8. Nc3
Nf6 9. Bf4 O-O 10. O-O-O Ne8 11. Bg3 Be6 12. Nd5 b6 13. Nf4 Bg5 14. h4 Bh6 15. Kb1
Bxf4 16. Bxf4 Bxc4 17. Qxc4 Rc8 18. Rh3 Rc6 19. Qd5 Qd7 20. Rg3 Nf6 21. Qg5 Ne8 22.
h5 h6 23. Qxh6 d5 24. Qg5 Kh8 25. Rh1 dxe4 26. h6 g6 27. h7 Ng7 28. Qh6 Qd4 29. Be3
Qd6 30. a3 Qf6 31. Rg4 Re6 32. Rf4 Qe7 33. g4 Rd6 34. Qh2 Rfd8 35. g5 Qe6 36. b3
Nf5 37. Bc1 Nd4 38. Bb2 c4 39. Rf6 Qd5 40. Rxd6 Rxd6 41. Rd1 c3 42. Bxc3 Qc5 43.
Bxd4+ f6 44. Bxc5 Rxd1+ 45. Kb2 Rd8 46. Be7 Re8 47. Bxf6#  1-0

[Event "British Chess Championships 2023: U10 Championship"]
[Site "De Montfort University, 20 Western Boulevard, Leicester, LE2 7BU"]
[Date "2023.07.25"]
[Round "1"]
[Board "19"]
[White "Shankar, Yashwardhan"]
[Black "Sewart, Daniel"]
[Result "0-1"]
[WhiteElo "817"]
[BlackElo "1374"]
[PlyCount "0"]
[EventDate "2023.07.25"]
[EventRounds "7"]
[EventCountry "ENG"]

1. d4 Nf6 2. Bf4 c5 3. e3 Nd5 4. Bg3 Qb6 5. Nc3 Qb4 6. Nge2 Nxc3 7. bxc3 Qa5 8. Qd2
e6 9. Nc1 cxd4 10. exd4 Be7 11. Nb3 Qd8 12. Bd3 O-O 13. O-O b6 14. a4 Nc6 15. Rfe1
Bb7 16. Rab1 d6 17. c4 Qd7 18. d5 Nd8 19. a5 bxa5 20. Nxa5 Rb8 21. Be4 e5 22. c5
Qc7 23. c6 Ba6 24. c4 f5 25. Bc2 f4 26. Rxb8 Qxb8 27. Rb1 Qc7 28. Bxf4 Rxf4 29. Qb4
Rf7 30. Nb3 Bf8 31. Nd2 Be7 32. Qc3 Kh8 33. Qh3 g5 34. g3 Rg7 35. Rb3 Bc8 36. Qh6
Bg4 37. Rb7 Nxb7 38. cxb7 Qxb7 39. Bd3 Qb2 40. Ne4 Rg6  0-1

[Event "British Chess Championships 2023: U10 Championship"]
[Site "De Montfort University, 20 Western Boulevard, Leicester, LE2 7BU"]
[Date "2023.07.25"]
[Round "1"]
[Board "20"]
[White "Helsby, Matthew"]
[Black "Calvert, William"]
[Result "1-0"]
[WhiteElo "1316"]
[BlackElo "806"]
[PlyCount "0"]
[EventDate "2023.07.25"]
[EventRounds "7"]
[EventCountry "ENG"]

1. Nf3 c5 2. g3 Nc6 3. Bg2 e5 4. d3 Nf6 5. Nbd2 Bd6 6. O-O b6 7. c3 O-O 8. Re1 Bb7
9. e4 Ba6 10. d4 cxd4 11. cxd4 exd4 12. e5 Nxe5 13. Nxe5 Bxe5 14. Bxa8 Qxa8 15. Rxe5
Bb7 16. Qf1 Ng4 17. Re1 Qd8 18. Nb3 Qf6 19. f3 Ne5 20. Rxe5 Qxe5 21. Bf4 Qh5 22.
Nxd4 Re8 23. Re1 Rc8 24. Qe2 h6 25. Rc1 Rd8 26. Qe5 Qg6 27. Qc7 Qf6 28. Be5 Qg5 29.
f4 Qe7 30. Qxb7 Qb4 31. Nb3 d6 32. Qc7 Re8 33. Qxd6 Qb5 34. Qc6 Qe2 35. Qxe8+ Kh7
36. Qc6 Qe3+ 37. Kh1 Qf2 38. Qc2+ Qxc2 39. Rxc2 f6 40. Rf2 fxe5 41. fxe5 a5 42. e6
 1-0

[Event "British Chess Championships 2023: U10 Championship"]
[Site "De Montfort University, 20 Western Boulevard, Leicester, LE2 7BU"]
[Date "2023.07.25"]
[Round "1"]
[Board "21"]
[White "Parikh, Aadhya"]
[Black "Marsden, Oscar"]
[Result "1-0"]
[WhiteElo "794"]
[BlackElo "1307"]
[PlyCount "0"]
[EventDate "2023.07.25"]
[EventRounds "7"]
[EventCountry "ENG"]

1. e4 e5 2. Nf3 Nc6 3. Nc3 Bc5 4. Be2 Nf6 5. Nxe5 Nxe5 6. d4 Bxd4 7. Qxd4 Nc6 8.
Qd1 d6 9. O-O O-O 10. Bg5 h6 11. Bh4 Be6 12. Nd5 Bxd5 13. exd5 Ne5 14. b3 Ned7 15.
Re1 Re8 16. Bc4 Rxe1+ 17. Qxe1 Qe8 18. Qd2 Qe5 19. Re1 Qh5 20. g3 g5 21. g4 Qxh4
22. f3 Ne5 23. Rf1 Qh3 24. Be2 h5 25. Qxg5+ Ng6 26. Qxf6 Qh4 27. Qxh4 Nxh4 28. gxh5
Kh7 29. f4 Rg8+ 30. Kh1 Rg2 31. Bf3 Rxc2 32. Be4+  1-0

[Event "British Chess Championships 2023: U10 Championship"]
[Site "De Montfort University, 20 Western Boulevard, Leicester, LE2 7BU"]
[Date "2023.07.25"]
[Round "1"]
[Board "23"]
[White "Mittal, Rutva"]
[Black "Edwards, Laurence"]
[Result "1/2-1/2"]
[WhiteElo "623"]
[BlackElo "1263"]
[PlyCount "0"]
[EventDate "2023.07.25"]
[EventRounds "7"]
[EventCountry "ENG"]

1. e4 d5 2. exd5 Qxd5 3. Nc3 Qd8 4. d4 Nf6 5. Bc4 e6 6. Nf3 Bb4 7. Bd2 Bxc3 8. Bxc3
Nc6 9. O-O O-O 10. Qd3 Bd7 11. d5 exd5 12. Bxd5 Nxd5 13. Qxd5 Bg4 14. Qg5 Qxg5 15.
Nxg5 Rad8  1/2-1/2

[Event "British Chess Championships 2023: U10 Championship"]
[Site "De Montfort University, 20 Western Boulevard, Leicester, LE2 7BU"]
[Date "2023.07.25"]
[Round "1"]
[Board "24"]
[White "Nguyen, Lam Vy Le"]
[Black "Tang, Ayanna"]
[Result "1-0"]
[WhiteElo "1244"]
[BlackElo "575"]
[PlyCount "0"]
[EventDate "2023.07.25"]
[EventRounds "7"]
[EventCountry "ENG"]

1. e4 e5 2. Nf3 Nc6 3. Bc4 Bc5 4. d3 d6 5. c3 Nf6 6. Nbd2 Bg4 7. h3 Bxf3 8. Nxf3
Qd7 9. a4 O-O-O 10. b4 Nxb4 11. cxb4 Bxb4+ 12. Bd2 Bxd2+ 13. Qxd2 Rhe8 14. Qb4 Qc6
15. Bb5 Qc5 16. Qxc5 dxc5 17. Bxe8 Rxe8 18. O-O Rd8 19. Nxe5 Rd7 20. Nxd7 Nxd7 21.
Rac1 a6 22. Rfe1 g5 23. Re3 f6 24. h4 h6 25. hxg5 hxg5 26. Rh3 b6 27. Rh8+ Kb7 28.
Kf1 Ne5 29. Ke2 Ng4 30. g3 Kc6 31. f4 gxf4 32. gxf4 b5 33. Rg8 Nh6 34. Rg6 Nf7 35.
Rxf6+ Nd6 36. e5 bxa4 37. exd6 cxd6 38. Re6 a5 39. f5 Kd7 40. Re3  1-0